000 00869cam a2200253 a 4500
001 000005932
005 20200929151839.0
008 910228s1983 sp 001 0 spa
020 _a8400055098
040 _aDO-SdBNP
_bspa
_dBNPHU
082 _a861.64
_bR579c
100 1 _aRincón, Vicente,
_d1930-
_916719
245 1 0 _aCanto y tiempo sin retorno /
_cVicente Rincón.
260 _aZaragoza, España :
_bInstitución Fernando el Católico,
_c1983.
300 _a48 p. ;
_c25 cm.
490 1 _aSan Jorge
_v40
490 1 _aInstitución Fernando el Católico
_v1
490 1 _aDelegación de la Institucion de Barcelona
650 4 _aPoesía española
_9631
650 4 _aLiteratura española
_9632
830 0 _aSan Jorge ;
_v40
_914367
830 0 _aInstitución Fernando el Católico ;
_v1
_916722
830 0 _aDelegación de la Institución de Barcelona ;
_916723
999 _c5728
_d5728